<?xml version="1.0" encoding="UTF-8"?>
<record
    xmlns:xsi="http://www.w3.org/2001/XMLSchema-instance"
    xsi:schemaLocation="http://www.loc.gov/MARC21/slim http://www.loc.gov/standards/marcxml/schema/MARC21slim.xsd"
    xmlns="http://www.loc.gov/MARC21/slim">

  <leader>01047nam a2200277Ia 4500</leader>
  <controlfield tag="008">240726s2023    sp            000 0 spa d</controlfield>
  <datafield tag="041" ind1=" " ind2=" ">
    <subfield code="a">spa</subfield>
  </datafield>
  <datafield tag="110" ind1="2" ind2=" ">
    <subfield code="a">CCOO</subfield>
    <subfield code="b">Confederaci&#xF3;n Sindical</subfield>
    <subfield code="9">27927</subfield>
  </datafield>
  <datafield tag="245" ind1="1" ind2="0">
    <subfield code="a">Manifiesto del D&#xED;a 1 de Octubre</subfield>
    <subfield code="c">/ CCOO, UGT</subfield>
  </datafield>
  <datafield tag="260" ind1=" " ind2=" ">
    <subfield code="a">[Madrid] :</subfield>
    <subfield code="b">CCOO, Confederaci&#xF3;n Sindical:</subfield>
    <subfield code="b">UGT, Comisi&#xF3;n Ejecutiva Confederal</subfield>
    <subfield code="c">2023</subfield>
  </datafield>
  <datafield tag="300" ind1=" " ind2=" ">
    <subfield code="a">6 p.  ;</subfield>
    <subfield code="c">30 cm</subfield>
  </datafield>
  <datafield tag="500" ind1=" " ind2=" ">
    <subfield code="a">Manifiesto conjunto con motivo del D&#xED;a internacional de las Personas Mayores 2023</subfield>
  </datafield>
  <datafield tag="650" ind1=" " ind2="0">
    <subfield code="a">PERSONAS DE EDAD AVANZADA</subfield>
    <subfield code="9">866</subfield>
  </datafield>
  <datafield tag="650" ind1=" " ind2="0">
    <subfield code="a">ASISTENCIA MEDICA</subfield>
    <subfield code="9">556</subfield>
  </datafield>
  <datafield tag="650" ind1=" " ind2="0">
    <subfield code="a">PROTECCION SOCIAL</subfield>
    <subfield code="9">62</subfield>
  </datafield>
  <datafield tag="650" ind1=" " ind2="0">
    <subfield code="a">JUBILADO</subfield>
    <subfield code="9">7275</subfield>
  </datafield>
  <datafield tag="650" ind1=" " ind2="0">
    <subfield code="a">JUBILACION</subfield>
    <subfield code="9">1014</subfield>
  </datafield>
  <datafield tag="650" ind1=" " ind2="0">
    <subfield code="a">COVID-19</subfield>
    <subfield code="9">16125</subfield>
  </datafield>
  <datafield tag="650" ind1=" " ind2="0">
    <subfield code="a">ENFERMEDAD INFECCIOSA</subfield>
    <subfield code="9">8551</subfield>
  </datafield>
  <datafield tag="650" ind1=" " ind2="0">
    <subfield code="a">EPIDEMIA</subfield>
    <subfield code="9">13534</subfield>
  </datafield>
  <datafield tag="650" ind1=" " ind2="0">
    <subfield code="a">DIA INTERNACIONAL DE LAS PERSONAS DE EDAD</subfield>
    <subfield code="9">39767</subfield>
  </datafield>
  <datafield tag="650" ind1=" " ind2="0">
    <subfield code="a">ACTITUD SINDICAL</subfield>
    <subfield code="9">61</subfield>
  </datafield>
  <datafield tag="710" ind1="2" ind2=" ">
    <subfield code="a">UGT</subfield>
    <subfield code="b">Comisi&#xF3;n Ejecutiva Confederal</subfield>
    <subfield code="9">5104</subfield>
  </datafield>
  <datafield tag="856" ind1=" " ind2=" ">
    <subfield code="z">PDF</subfield>
    <subfield code="u">https://docpublicos.ccoo.es/cendoc/068878Manifiesto1Octubre.pdf</subfield>
  </datafield>
  <datafield tag="942" ind1=" " ind2=" ">
    <subfield code="c">DOCU_ELEC</subfield>
    <subfield code="2">ddc</subfield>
  </datafield>
  <datafield tag="999" ind1=" " ind2=" ">
    <subfield code="c">60057</subfield>
    <subfield code="d">60057</subfield>
  </datafield>
  <datafield tag="952" ind1=" " ind2=" ">
    <subfield code="0">0</subfield>
    <subfield code="1">0</subfield>
    <subfield code="2">ddc</subfield>
    <subfield code="4">0</subfield>
    <subfield code="7">0</subfield>
    <subfield code="a">CENDO</subfield>
    <subfield code="b">CENDO</subfield>
    <subfield code="d">2024-07-26</subfield>
    <subfield code="i">068878</subfield>
    <subfield code="l">0</subfield>
    <subfield code="p">2024-1387</subfield>
    <subfield code="r">2024-07-26 00:00:00</subfield>
    <subfield code="w">2024-07-26</subfield>
    <subfield code="y">DOCU_ELEC</subfield>
  </datafield>
</record>
